| 000 | 01165nam a2200205 a 4500 | ||
|---|---|---|---|
| 008 | 161215e2006 ck |||g |||| 001 j spa d | ||
| 020 | _a8482804030 | ||
| 041 | _aspa | ||
| 092 |
_c808 _l13 _sCOR |
||
| 100 | 1 |
_aCortázar, Julio _93297 |
|
| 245 |
_aRayuela / _cJulio Cortázar |
||
| 250 | _a1a ed. | ||
| 260 |
_aColombia: _bGuajiro; _c2004. |
||
| 300 | _a493 p. | ||
| 500 | _aCortazar, J. (2004). Rayuela. (1a ed.). Colombia : Guajiro. | ||
| 505 | _aY animado de la esperanza de ser particularmente útil a la juventud, y de contribuir a la reforma de las costumbres en general, he formado la presente colección de máximas, consejos y preceptos, que son la base de aquella moral universal, que es tan proporcionada a la felicidad espiritual y temporal de todos los hombres de cualquiera edad, estado y condición que sean, y a la prosperidad y buen orden, no sólo de la república civil y cristiana en que vivimos, sino de cualquiera otra república o gobierno que los filósofos más especulativos y profundos del orbe quieran discurrir. | ||
| 590 | _aProyecto 4to libro. Donación Constanzo Juan Carlos | ||
| 655 |
_aLiteratura _92917 |
||
| 942 |
_2ddc _cLIT |
||
| 999 |
_c3031 _d3031 |
||